[Event "European Youth Chess Championship G14"]
[Site "Prague, Top Hotel Prague"]
[Date "2016.08.26"]
[Round "8.8"]
[White "Vinokur, Yuliya"]
[Black "Olde, Grete"]
[Result "0-1"]
[WhiteElo "1976"]
[BlackElo "1727"]
[PlyCount "148"]
[EventDate "2016.08.18"]

1. Nf3 Nf6 2. c4 e6 3. g3 d5 4. b3 Be7 5. Bg2 O-O 6. O-O c5 7. cxd5 exd5 8. Bb2
Nc6 9. d4 Be6 10. Nc3 Rc8 11. dxc5 Bxc5 12. Nb5 Ne4 13. Nbd4 Bg4 14. Nxc6 bxc6
15. Nd4 Ng5 16. Qd2 Ne6 17. e3 f6 18. h3 Bxd4 19. Bxd4 Bf5 20. Bxa7 Qd7 21. Bb6
Rb8 22. Ba5 Ng5 23. g4 Ne4 24. Qe2 Bg6 25. Rfd1 f5 26. Be1 fxg4 27. hxg4 Nf6
28. f3 h5 29. g5 Nh7 30. f4 Rbe8 31. Rd4 Rf7 32. Bf2 Nf8 33. Rd2 Rxf4 34. Kf1
Rf7 35. Rc1 Be4 36. Qxh5 Bxg2+ 37. Kxg2 Re4 38. Rg1 Qf5 39. Qh3 Rg4+ 40. Kh2
Qe5+ 41. Rg3 Rxg5 42. Kg1 Rh5 43. Qg4 Nh7 44. Qd4 Qf5 45. Qd3 Ng5 46. Qxf5 Rxf5
47. Rc2 Nh3+ 48. Kg2 Nxf2 49. Rxf2 Rh2+ 50. Kxh2 Rxf2+ 51. Rg2 Rf3 52. Re2 Kf7
53. Kg2 Rf6 54. b4 Ke6 55. Rd2 Ke5 56. Rc2 Kd6 57. a3 g5 58. Kg3 Rf1 59. Rc3
Rg1+ 60. Kf3 g4+ 61. Kf2 Ra1 62. Kg2 Rb1 63. Kg3 Rg1+ 64. Kf4 Rg2 65. e4 Rf2+
66. Kg3 Rf1 67. exd5 cxd5 68. Kxg4 d4 69. Rf3 Ra1 70. Kf4 Kd5 71. Kg3 Kc4 72.
b5 d3 73. b6 Rxa3 74. Rf7 d2+ 0-1

[Event "European Youth Chess Championship G14"]
[Site "Prague, Top Hotel Prague"]
[Date "2016.08.26"]
[Round "8.9"]
[White "Beshukova, Alina"]
[Black "Swiech, Joanna"]
[Result "0-1"]
[WhiteElo "1920"]
[BlackElo "1888"]
[PlyCount "60"]
[EventDate "2016.08.18"]

1. d4 d5 2. Nf3 Nf6 3. c4 e6 4. e3 c6 5. Nc3 Nbd7 6. Qc2 Bd6 7. b3 O-O 8. Be2
Re8 9. O-O Qe7 10. Rd1 dxc4 11. bxc4 e5 12. a4 exd4 13. exd4 Nf8 14. Qa2 Bb4
15. Ba3 c5 16. Qc2 Bxa3 17. Rxa3 cxd4 18. Nb5 Qxe2 19. Qxe2 Rxe2 20. Nfxd4 Re7
21. Rad3 Be6 22. Nxe6 Nxe6 23. Re3 a6 24. Nc3 Rc7 25. Nd5 Nxd5 26. cxd5 Rd8 27.
g3 Rcd7 28. Red3 Nc7 29. d6 Ne8 30. Kg2 Rxd6 0-1

[Event "European Youth Chess Championship G14"]
[Site "Prague, Top Hotel Prague"]
[Date "2016.08.26"]
[Round "8.10"]
[White "Schneider, Jana"]
[Black "Pecorini, Angie"]
[Result "1-0"]
[WhiteElo "2105"]
[BlackElo "1625"]
[PlyCount "45"]
[EventDate "2016.08.18"]

1. e4 c5 2. Nf3 d6 3. c3 Nf6 4. Be2 Nc6 5. d4 cxd4 6. cxd4 e6 7. Nc3 Be7 8. O-O
O-O 9. h3 a6 10. a4 Qc7 11. Be3 Re8 12. Rc1 d5 13. e5 Nd7 14. Bd3 f6 15. Ng5
fxg5 16. Qh5 g6 17. Bxg6 hxg6 18. Qxg6+ Kf8 19. f4 g4 20. f5 Bh4 21. fxe6+ Nf6
22. exf6 Bxf6 23. Bh6+ 1-0

[Event "European Youth Chess Championship G14"]
[Site "Prague, Top Hotel Prague"]
[Date "2016.08.26"]
[Round "8.11"]
[White "Esadze, Tamari"]
[Black "Bulatova, Kamaliya"]
[Result "1-0"]
[WhiteElo "1763"]
[BlackElo "1999"]
[PlyCount "55"]
[EventDate "2016.08.18"]

1. e4 c5 2. Nf3 d6 3. d4 cxd4 4. Nxd4 Nf6 5. Nc3 Nc6 6. Bg5 e6 7. f4 Qb6 8. Nb3
h6 9. Bxf6 gxf6 10. Qd2 a6 11. O-O-O Qc7 12. Be2 b5 13. Bh5 b4 14. Ne2 a5 15.
Nbd4 Nxd4 16. Nxd4 Bd7 17. f5 e5 18. Ne6 Bxe6 19. fxe6 O-O-O 20. exf7 Kb8 21.
Qe2 Rc8 22. Rd5 Be7 23. Rhd1 Qa7 24. Qb5+ Kc7 25. Bg4 Rb8 26. Qc4+ Kd8 27. Be6
Ra8 28. Rxd6+ 1-0

[Event "European Youth Chess Championship G14"]
[Site "Prague, Top Hotel Prague"]
[Date "2016.08.26"]
[Round "8.12"]
[White "Pipia, Ekaterine"]
[Black "Aciu, Malina-Andreea"]
[Result "1-0"]
[WhiteElo "1661"]
[BlackElo "1935"]
[PlyCount "81"]
[EventDate "2016.08.18"]

1. d4 Nf6 2. c4 c5 3. d5 e6 4. Nc3 exd5 5. cxd5 d6 6. e4 g6 7. Nf3 Bg7 8. Bd3
a6 9. a4 O-O 10. h3 Re8 11. O-O Nbd7 12. Bf4 Qe7 13. Re1 Nh5 14. Bh2 Qf8 15.
Bf1 Ne5 16. Nd2 Bh6 17. Nc4 Nf4 18. Nxe5 dxe5 19. Ne2 Nxe2+ 20. Bxe2 Bd7 21.
Bg4 Rad8 22. Bxd7 Rxd7 23. Qc2 Qd6 24. Qc3 b6 25. Rab1 Rc7 26. Qc4 Ra7 27. Red1
Rb8 28. b4 Rc8 29. bxc5 Rxc5 30. Qb4 Rb7 31. a5 Bf8 32. axb6 Qb8 33. Qa4 Rxb6
34. Bxe5 Qb7 35. Rxb6 Qxb6 36. Qd4 Qb5 37. Bf6 Rc4 38. Qd3 Rc1 39. Qd2 Bh6 40.
Rxc1 Bxd2 41. Rc8+ 1-0

[Event "European Youth Chess Championship G14"]
[Site "Prague, Top Hotel Prague"]
[Date "2016.08.26"]
[Round "8.13"]
[White "Sibajeva, Marija"]
[Black "Palma, Maria"]
[Result "1-0"]
[WhiteElo "2021"]
[BlackElo "1911"]
[PlyCount "69"]
[EventDate "2016.08.18"]

1. e4 e6 2. d4 d5 3. Nc3 Nf6 4. Bg5 Be7 5. e5 Nfd7 6. Bxe7 Qxe7 7. Qd2 a6 8.
Nd1 c5 9. c3 Nc6 10. f4 O-O 11. Nf3 f6 12. Bd3 b6 13. O-O a5 14. Qe2 cxd4 15.
cxd4 Nb4 16. Bb5 Ba6 17. Bxa6 Nxa6 18. Nc3 Nc7 19. Rac1 fxe5 20. fxe5 Rac8 21.
Rc2 Nb8 22. Rfc1 Qd7 23. b3 Nba6 24. a3 Rb8 25. Na4 h6 26. Qd3 Rb7 27. Nh4 Rf4
28. Ng6 Rf5 29. g4 Rg5 30. Rf1 Rxg4+ 31. Kh1 Rb8 32. Rcf2 Re4 33. Rf8+ Rxf8 34.
Rxf8+ Kh7 35. Qg3 1-0

[Event "European Youth Chess Championship G14"]
[Site "Prague, Top Hotel Prague"]
[Date "2016.08.26"]
[Round "8.14"]
[White "Waszczuk, Patrycja"]
[Black "Sankova, Stella"]
[Result "1/2-1/2"]
[WhiteElo "1859"]
[BlackElo "1898"]
[PlyCount "71"]
[EventDate "2016.08.18"]

1. e4 c5 2. Nf3 e6 3. d4 cxd4 4. Nxd4 Nf6 5. Bd3 Nc6 6. Be3 e5 7. Nb3 d5 8.
exd5 Nxd5 9. Qe2 Nxe3 10. fxe3 Be6 11. Nc3 Bb4 12. O-O O-O 13. Rad1 Qe7 14. Na4
Rac8 15. a3 Bd6 16. Nc3 Bc7 17. Bc4 Bxc4 18. Qxc4 Qg5 19. Qe2 e4 20. Nd5 Bb8
21. Nc3 Rfd8 22. Qf2 Qg6 23. Rxd8+ Nxd8 24. Rd1 Be5 25. Nd4 Qh5 26. h3 Rxc3 27.
Nf3 Rc8 28. g4 Qxh3 29. Nxe5 f6 30. Qf5 Qxe3+ 31. Kf1 Qh3+ 32. Kg1 Qe3+ 33. Kf1
Qh3+ 34. Kg1 Qe3+ 35. Kf1 Qh3+ 36. Kg1 1/2-1/2

[Event "European Youth Chess Championship G14"]
[Site "Prague, Top Hotel Prague"]
[Date "2016.08.26"]
[Round "8.15"]
[White "Rudzinska, Michalina"]
[Black "Moenster, Madita"]
[Result "1-0"]
[WhiteElo "1896"]
[BlackElo "1808"]
[PlyCount "59"]
[EventDate "2016.08.18"]

1. e4 c5 2. Nf3 d6 3. d4 cxd4 4. Nxd4 Nf6 5. Nc3 Nc6 6. Bc4 e6 7. Be3 a6 8. Qe2
Qc7 9. O-O-O Be7 10. Bb3 b5 11. Nxc6 Qxc6 12. f3 Nd7 13. Nd5 Nc5 14. Nxe7 Nxb3+
15. axb3 Kxe7 16. Rd3 b4 17. Rhd1 Rd8 18. Bf4 Qb5 19. Qf2 e5 20. Rd5 Qb7 21.
Bxe5 Be6 22. Bxd6+ Ke8 23. R5d4 a5 24. Qg3 f6 25. f4 Rdc8 26. f5 Bg8 27. e5 Qc6
28. R1d2 a4 29. Qxg7 Bxb3 30. Qe7# 1-0

[Event "European Youth Chess Championship G14"]
[Site "Prague, Top Hotel Prague"]
[Date "2016.08.26"]
[Round "8.16"]
[White "Moscicka, Pola"]
[Black "Strukova, Ksenia"]
[Result "1-0"]
[WhiteElo "1853"]
[BlackElo "1894"]
[PlyCount "63"]
[EventDate "2016.08.18"]

1. d4 Nf6 2. c4 d6 3. Nc3 e5 4. Nf3 exd4 5. Nxd4 Nbd7 6. e4 Nc5 7. f3 a5 8. Be2
g6 9. O-O Bg7 10. Kh1 h5 11. Bg5 Ne6 12. Be3 h4 13. f4 h3 14. g3 Nc5 15. Bf3
Qe7 16. e5 dxe5 17. Nc6 bxc6 18. Bxc6+ Bd7 19. Bxa8 c6 20. fxe5 Ng4 21. Bxc5
Qxc5 22. Ne4 Qe3 23. Nd6+ Kd8 24. Nxf7+ Ke8 25. Qe1 Qd4 26. e6 Ne3 27. exd7+
Ke7 28. Rf3 Rxa8 29. Qxe3+ Qxe3 30. Rxe3+ Kxf7 31. Rf1+ Bf6 32. Re8 1-0

[Event "European Youth Chess Championship G14"]
[Site "Prague, Top Hotel Prague"]
[Date "2016.08.26"]
[Round "8.17"]
[White "Ferkova, Dominika"]
[Black "Hereklioglu, Sude"]
[Result "1/2-1/2"]
[WhiteElo "1885"]
[BlackElo "1801"]
[PlyCount "109"]
[EventDate "2016.08.18"]

1. d4 Nf6 2. c4 e6 3. Nc3 Bb4 4. a3 Bxc3+ 5. bxc3 O-O 6. f3 b6 7. e4 d6 8. Bd3
c5 9. e5 Ne8 10. dxc5 d5 11. cxd5 exd5 12. cxb6 Qxb6 13. Ne2 Nc6 14. f4 Nc7 15.
Nd4 Qc5 16. Qd2 f6 17. Nxc6 Qxc6 18. O-O fxe5 19. fxe5 Rxf1+ 20. Bxf1 Bb7 21.
Bb2 Rf8 22. Bd3 Qb6+ 23. Kh1 Rf2 24. Qg5 Qxb2 25. Rg1 Ne6 26. Qe7 Nf8 27. h3
Rf7 28. Qe8 Rf2 29. e6 Qxc3 30. e7 Qxd3 31. exf8=Q+ Rxf8 32. Qe6+ Kh8 33. Qe7
Qf5 34. Qxb7 Qf7 35. Qxf7 Rxf7 36. Re1 h6 37. Re8+ Kh7 38. Rd8 Rf1+ 39. Kh2 Ra1
40. Rxd5 Rxa3 41. h4 Kg6 42. h5+ Kf6 43. g3 Ke6 44. Rb5 a6 45. Rb6+ Kf7 46. Kh3
a5 47. Ra6 a4 48. Kg4 Ra1 49. Ra7+ Kf6 50. Kf4 a3 51. Ra6+ Ke7 52. Kg4 Kf7 53.
Kf5 a2 54. Ra7+ Kf8 55. Kg4 1/2-1/2

[Event "European Youth Chess Championship G14"]
[Site "Prague, Top Hotel Prague"]
[Date "2016.08.26"]
[Round "8.18"]
[White "Hajiyeva, Laman"]
[Black "Bogdanic, Katarina"]
[Result "1-0"]
[WhiteElo "1800"]
[BlackElo "1883"]
[PlyCount "69"]
[EventDate "2016.08.18"]

1. c4 e5 2. Nc3 d6 3. Nf3 f5 4. d3 Nf6 5. g3 Be7 6. Bg2 O-O 7. O-O Qe8 8. Rb1
Qh5 9. c5 e4 10. dxe4 fxe4 11. cxd6 Bxd6 12. Ng5 e3 13. Bxe3 Ng4 14. Qd5+ Kh8
15. Nf3 Rf5 16. Qe4 Re5 17. Qa4 Ra5 18. Qb3 Nd7 19. Bf4 Bxf4 20. gxf4 Nc5 21.
Qb4 Ra6 22. Ne4 Rc6 23. Rbc1 b6 24. h3 Nf6 25. Ng3 Nd5 26. Qxc5 bxc5 27. Nxh5
Be6 28. Ng5 Bg8 29. e4 Nf6 30. e5 Nd5 31. Rfd1 Rd8 32. e6 Rcd6 33. Bxd5 Rxd5
34. Rxd5 Rxd5 35. e7 1-0

[Event "European Youth Chess Championship G14"]
[Site "Prague, Top Hotel Prague"]
[Date "2016.08.26"]
[Round "8.19"]
[White "Koubova, Anna Marie"]
[Black "Nemcova, Karin"]
[Result "1/2-1/2"]
[WhiteElo "1868"]
[BlackElo "1798"]
[PlyCount "85"]
[EventDate "2016.08.18"]

1. d4 d5 2. Nf3 Nf6 3. c4 e6 4. g3 dxc4 5. Qa4+ Bd7 6. Qxc4 Bc6 7. Bg2 Nbd7 8.
O-O Bd6 9. Nc3 O-O 10. Re1 Re8 11. Nb5 Bd5 12. Qc2 a6 13. Nc3 Bb4 14. a3 Bxc3
15. bxc3 Be4 16. Qb2 c5 17. Ng5 Bxg2 18. Kxg2 cxd4 19. cxd4 b5 20. e4 h6 21.
Nf3 Nb6 22. Bd2 Nc4 23. Qb4 Qd7 24. Ne5 Nxe5 25. dxe5 Nh7 26. Be3 Qb7 27. f3
Rac8 28. Rac1 Nf8 29. a4 Red8 30. axb5 axb5 31. Rc5 Rxc5 32. Bxc5 Nd7 33. Bd6
Rc8 34. Rb1 Rc2+ 35. Kh3 Qa6 36. Qxb5 Qa2 37. Rh1 Qa7 38. Qf1 Qe3 39. Qd1 Rd2
40. Qe1 Re2 41. Qf1 Rf2 42. Qd1 Rd2 43. Qe1 1/2-1/2

[Event "European Youth Chess Championship G14"]
[Site "Prague, Top Hotel Prague"]
[Date "2016.08.26"]
[Round "8.20"]
[White "Kvendseth, Thyra"]
[Black "Hercog, Nusa"]
[Result "1/2-1/2"]
[WhiteElo "1735"]
[BlackElo "1865"]
[PlyCount "151"]
[EventDate "2016.08.18"]

1. e4 c5 2. Nf3 Nc6 3. d4 cxd4 4. Nxd4 e6 5. Nc3 Qc7 6. Be3 a6 7. Qd2 Nf6 8. f4
Bb4 9. Bd3 Na5 10. O-O Bxc3 11. bxc3 b5 12. Rfe1 Bb7 13. Bf2 Rc8 14. a4 Nc4 15.
Qe2 bxa4 16. Rxa4 Nb2 17. Rb4 Nxd3 18. cxd3 O-O 19. Rb3 Ba8 20. Bg3 Qa5 21. Rc1
Rb8 22. Rxb8 Rxb8 23. f5 e5 24. Nf3 Qa3 25. Qe1 d6 26. Nd2 Qc5+ 27. Bf2 Qc7 28.
Nc4 Nxe4 29. Ra1 Nxf2 30. Kxf2 Qc5+ 31. Qe3 Qd5 32. Qf3 Qb5 33. Qe2 Qc6 34. Kf1
f6 35. Qd2 d5 36. Ne3 Qb6 37. d4 e4 38. Kf2 Qb5 39. Ra2 Qc6 40. Ra5 Rb5 41. Qa2
Bb7 42. Rxb5 Qxb5 43. c4 dxc4 44. Qxc4+ Qxc4 45. Nxc4 Bd5 46. Nb6 Bb3 47. Ke3
Bc2 48. Nc4 Kf8 49. Kd2 Bd3 50. Nb2 Bb5 51. Ke3 Bc6 52. Nc4 Ke7 53. h3 Bd5 54.
Na3 Kd6 55. g4 Kc6 56. h4 h6 57. Kd2 a5 58. Kc3 a4 59. Nc2 Kb5 60. Na3+ Ka5 61.
Nc2 Bb3 62. Na3 Bd1 63. Nc4+ Kb5 64. Nd6+ Kc6 65. Nxe4 Bxg4 66. Nc5 Bxf5 67.
Nxa4 g5 68. hxg5 fxg5 69. Kd2 g4 70. Ke3 h5 71. Nc3 Kd6 72. Kf4 Bd7 73. Ne4+
Ke7 74. Kg5 Be8 75. Nf6 Bf7 76. Nxg4 1/2-1/2

[Event "European Youth Chess Championship G14"]
[Site "Prague, Top Hotel Prague"]
[Date "2016.08.26"]
[Round "8.21"]
[White "Zhbanova, Angelina"]
[Black "Pribylova, Sofie"]
[Result "0-1"]
[WhiteElo "1465"]
[BlackElo "1864"]
[PlyCount "84"]
[EventDate "2016.08.18"]

1. e4 c5 2. Nf3 d6 3. d4 cxd4 4. Nxd4 Nf6 5. Nc3 a6 6. Bg5 Nbd7 7. Qe2 Qc7 8.
O-O-O e6 9. f4 Be7 10. g4 b5 11. Bg2 Bb7 12. Rhe1 Rc8 13. Bxf6 gxf6 14. Nf5
exf5 15. exf5 Nb6 16. Bxb7 Qxb7 17. g5 Kf8 18. Qh5 h6 19. Rg1 b4 20. g6 Ke8 21.
gxf7+ Kd7 22. Rg7 bxc3 23. Qe2 cxb2+ 24. Kb1 Rcf8 25. Qe6+ Kd8 26. Rdg1 Nd5 27.
Qe1 Qb4 28. Qxb4 Nxb4 29. Rg8 Kd7 30. R1g7 Rxf7 31. Rxh8 Rxg7 32. Rxh6 Rg1+ 33.
Kxb2 Rg2 34. h4 Nxc2 35. Kc3 Ne3 36. h5 Nxf5 37. Rh7 Rxa2 38. h6 Rh2 39. Rh8
Nxh6 40. Ra8 Rf2 41. Rxa6 Rxf4 42. Ra7+ Ke6 0-1

[Event "European Youth Chess Championship G14"]
[Site "Prague, Top Hotel Prague"]
[Date "2016.08.26"]
[Round "8.22"]
[White "Mkrtchyan, Anahit"]
[Black "Kovacs, Judit"]
[Result "0-1"]
[WhiteElo "1561"]
[BlackElo "2167"]
[PlyCount "66"]
[EventDate "2016.08.18"]

1. d4 d5 2. Nc3 Nf6 3. Bg5 c5 4. e3 e6 5. Nf3 Nc6 6. Bb5 Be7 7. dxc5 O-O 8.
Bxc6 bxc6 9. b4 a5 10. a3 Ba6 11. Ne5 Qe8 12. f4 h6 13. h4 Bb7 14. Rb1 axb4 15.
axb4 Ra3 16. Rb3 Qa8 17. g4 hxg5 18. hxg5 Ne4 19. Qf3 Nxc3 20. Kf2 Ne4+ 21. Ke2
Ba6+ 22. b5 Rxb3 23. Qh3 Bxb5+ 24. Kf3 Rxe3+ 25. Kxe3 Qa3+ 26. Nd3 Bxc5+ 27.
Kf3 f5 28. Qh7+ Kf7 29. g6+ Ke8 30. Qxg7 Bxd3 31. Ra1 Be2+ 32. Kxe2 Qe3+ 33.
Kd1 Qd2# 0-1

[Event "European Youth Chess Championship G14"]
[Site "Prague, Top Hotel Prague"]
[Date "2016.08.26"]
[Round "8.23"]
[White "Bucur, Denisa-Andreea"]
[Black "Rinaudo, Giada"]
[Result "1-0"]
[WhiteElo "1893"]
[BlackElo "1754"]
[PlyCount "159"]
[EventDate "2016.08.18"]

1. d4 g6 2. Nf3 Bg7 3. c4 d6 4. g3 Nd7 5. Bg2 e5 6. Nc3 Ne7 7. dxe5 dxe5 8. O-O
O-O 9. Qc2 c6 10. Rd1 Qc7 11. b3 e4 12. Nd4 Nf5 13. e3 Nxd4 14. exd4 f5 15. Be3
Nf6 16. Rac1 Ng4 17. Bf4 Qd8 18. d5 c5 19. Nb5 g5 20. Bd6 e3 21. f3 e2 22. Re1
Qxd6 23. fxg4 Qf6 24. gxf5 Bxf5 25. Qxe2 Rae8 26. Qd2 Rxe1+ 27. Rxe1 a6 28. Nc7
Qd8 29. Ne6 Bxe6 30. Rxe6 Bd4+ 31. Kh1 Rf2 32. Re2 Rxe2 33. Qxe2 b6 34. Qe6+
Kg7 35. Be4 Qf6 36. Qd7+ Kf8 37. Bf5 h6 38. Kg2 Qe7 $11 39. Qc8+ Kg7 40. Be6 a5
41. Qg8+ Kf6 42. Qb8 Qh7 43. Qxb6 Qc2+ 44. Kh3 Qc1 45. Bc8+ Kg7 46. Qc7+ Kg6
47. Qc6+ Bf6 48. Qe8+ Kg7 49. Qe2 h5 50. Kg2 Qb2 51. Qxb2 Bxb2 52. Kf3 Kf6 53.
Bd7 Ke7 54. Bf5 Kf6 55. Bc2 Be5 56. h3 Bd6 57. Bd1 Bc7 58. g4 h4 59. Ke4 Bd6
60. Bc2 Bc7 61. d6 Bxd6 62. Kd5 Be7 63. Bd3 Bf8 64. Be2 Be7 65. Bf1 Bf8 66. Kc6
Ke5 67. Kb5 Kd4 68. Kxa5 Ke3 69. Kb6 Kf2 70. a4 Be7 71. Kc7 Kxf1 72. a5 Kg2 73.
a6 Kxh3 74. a7 Kxg4 75. a8=Q h3 76. Qe4+ Kh5 77. Qxe7 g4 78. Qxc5+ Kh4 79. Qf2+
Kg5 80. Qg3 1-0

[Event "European Youth Chess Championship G14"]
[Site "Prague, Top Hotel Prague"]
[Date "2016.08.26"]
[Round "8.24"]
[White "Bellahcene, Meriem"]
[Black "Richterova, Julie"]
[Result "1/2-1/2"]
[WhiteElo "1837"]
[BlackElo "1592"]
[PlyCount "137"]
[EventDate "2016.08.18"]

1. e4 c6 2. d4 d5 3. exd5 cxd5 4. Bd3 Nc6 5. c3 Nf6 6. Bf4 Bg4 7. Qb3 Qc8 8.
Nd2 e6 9. Ngf3 Be7 10. O-O O-O 11. Rae1 Bh5 12. Ne5 Nxe5 13. Bxe5 Bg6 14. Bxg6
hxg6 15. Qc2 b5 16. Qd3 Qb7 17. b3 Rfc8 18. Qh3 Nd7 19. Bf4 Qb6 20. Re3 b4 21.
Rc1 bxc3 22. Rexc3 Rxc3 23. Qxc3 Bb4 24. Qd3 Qa5 25. Nf3 Nb6 26. a4 Rc8 27. Rc7
Rxc7 28. Bxc7 Be7 29. h3 Qb4 30. Qb5 Qxb5 31. axb5 Nc8 32. Ne5 Bd6 33. Bd8 Kf8
34. Nc6 Ke8 35. Ba5 Kd7 36. Nd8 f6 37. Kf1 Bb8 38. Nb7 Nd6 39. Nc5+ Ke7 40. Na6
Nb7 41. Nxb8 Nxa5 42. b4 Nb3 43. Nc6+ Kd7 44. Ke2 Kd6 45. Kd3 e5 46. dxe5+ fxe5
47. f4 e4+ 48. Ke3 Nc1 49. Nxa7 Nd3 50. Nc6 Kc7 51. Ne7 Nxb4 52. Nxg6 Kb6 53.
Ne5 Kxb5 54. g4 Nc2+ 55. Kd2 Nb4 56. f5 Nc6 57. Nd7 Kc4 58. f6 gxf6 59. Nxf6
Ne5 60. Ke3 Nf3 61. Kf2 Nh4 62. g5 Kd4 63. Ng4 Ng6 64. Ne3 Ke5 65. Ng2 Kf5 66.
h4 Nxh4 67. Nxh4+ Kxg5 68. Ng2 d4 69. Ke2 $11 1/2-1/2

[Event "European Youth Chess Championship G14"]
[Site "Prague, Top Hotel Prague"]
[Date "2016.08.26"]
[Round "8.25"]
[White "Kulpa, Zuzanna"]
[Black "Laurincova, Kristyna"]
[Result "1/2-1/2"]
[WhiteElo "1719"]
[BlackElo "1815"]
[PlyCount "82"]
[EventDate "2016.08.18"]

1. d4 d5 2. c4 e6 3. Nf3 Nf6 4. cxd5 exd5 5. Nc3 h6 6. Bf4 Bg4 7. Ne5 Bd6 8.
Qb3 Bc8 9. Nb5 O-O 10. Nxd6 cxd6 11. Nf3 Re8 12. e3 Nc6 13. Be2 Qa5+ 14. Qc3
Qxc3+ 15. bxc3 Ne4 16. Rc1 Be6 17. Nd2 Red8 18. h3 Na5 19. f3 Nxd2 20. Kxd2
Nc4+ 21. Bxc4 dxc4 22. e4 d5 23. Rb1 Rd7 $11 24. Rb2 a6 25. a4 b5 26. Ra1 Raa7
27. Kc2 dxe4 28. fxe4 f5 29. axb5 axb5 30. Rxa7 Rxa7 31. d5 Bf7 32. Rxb5 Ra2+
33. Rb2 Rxb2+ 34. Kxb2 fxe4 35. d6 Be6 36. Kc2 h5 37. Kd2 Kf7 38. Ke3 Ke8 39.
Kxe4 Kd7 40. Ke5 g6 41. h4 Bf5 1/2-1/2

[Event "European Youth Chess Championship G14"]
[Site "Prague, Top Hotel Prague"]
[Date "2016.08.26"]
[Round "8.26"]
[White "Gresova, Zuzana"]
[Black "Jarocka, Liwia"]
[Result "0-1"]
[WhiteElo "1810"]
[BlackElo "1676"]
[PlyCount "72"]
[EventDate "2016.08.18"]

1. e4 c5 2. Nf3 Nc6 3. d4 cxd4 4. Nxd4 g6 5. Nc3 Bg7 6. Be3 Nf6 7. Bc4 O-O 8.
Bb3 Re8 9. h4 e6 10. h5 d5 11. hxg6 hxg6 12. Qe2 Nxd4 13. Bxd4 e5 14. Bc5 d4
15. Nd5 Nxd5 16. Bxd5 Qc7 17. Ba3 Be6 18. Bxe6 Rxe6 19. O-O-O Rc8 20. Kb1 Rc6
21. Rd2 b5 22. Qd3 a5 23. b3 b4 24. Bb2 Qd6 25. Re2 Qd7 26. Rd2 Qa7 27. Qh3 a4
28. Rh2 Qa6 29. g3 axb3 30. axb3 d3 31. Rxd3 Rxc2 32. Qf1 Rxb2+ 33. Kxb2 Qa3+
34. Kb1 Ra8 35. Rd8+ Rxd8 36. Qc1 Qxb3+ 0-1

[Event "European Youth Chess Championship G14"]
[Site "Prague, Top Hotel Prague"]
[Date "2016.08.26"]
[Round "8.27"]
[White "Granovskaya, Ekaterina"]
[Black "Daniel, Sharon"]
[Result "1/2-1/2"]
[WhiteElo "1805"]
[BlackElo "1411"]
[PlyCount "69"]
[EventDate "2016.08.18"]

1. e4 c5 2. Nf3 e6 3. c4 Nc6 4. Be2 Qc7 5. d4 cxd4 6. Nxd4 Nf6 7. Nc3 Bb4 8.
Ndb5 Qb8 9. Qd3 a6 10. Nd4 O-O 11. Nxc6 dxc6 12. Bd2 Be7 13. O-O-O Rd8 14. Qc2
e5 15. Be3 Be6 16. Rxd8+ Qxd8 17. c5 Ng4 18. Bxg4 Bxg4 19. f3 Be6 20. Na4 Bg5
21. Bxg5 Qxg5+ 22. Qd2 Qxd2+ 23. Kxd2 Bxa2 24. Kc2 Be6 25. Rd1 Kf8 26. Nb6 Re8
27. g3 Ke7 28. f4 exf4 29. gxf4 g6 30. Rd6 h5 31. h4 f6 32. Kd3 Kf7 33. Ke3 Bf5
34. Rd4 Be6 35. Rd6 1/2-1/2

[Event "European Youth Chess Championship G14"]
[Site "Prague, Top Hotel Prague"]
[Date "2016.08.26"]
[Round "8.28"]
[White "Andrade, Sandoval Bianca"]
[Black "Rubsamen, Anais"]
[Result "1/2-1/2"]
[WhiteElo "1899"]
[BlackElo "1578"]
[PlyCount "73"]
[EventDate "2016.08.18"]

1. d4 Nf6 2. Bf4 g6 3. Nf3 Bg7 4. e3 O-O 5. Be2 d5 6. Nbd2 Nc6 7. c3 h6 8. h3
Re8 9. O-O Nh5 10. Bh2 e5 11. dxe5 Nxe5 12. Nxe5 Bxe5 13. Bxh5 gxh5 14. Qxh5
Bxh2+ 15. Kxh2 Qg5 16. Qxg5+ hxg5 17. Rfe1 Bf5 18. Nf3 f6 19. Nd4 Bg6 20. Nb5
Re7 21. Rac1 c6 22. Nd4 Rae8 23. c4 dxc4 24. Rxc4 Re4 25. Rec1 Rd8 26. R4c3 Re5
27. Rb3 Re7 28. Rbc3 Re5 29. Rc5 Rdd5 30. Nb3 Bf7 31. Rxd5 Rxd5 32. Rc2 Rd1 33.
Kg3 Bxb3 34. axb3 Rd3 35. Kg4 Rxb3 36. Rd2 Kf7 37. f4 1/2-1/2

[Event "European Youth Chess Championship G14"]
[Site "Prague, Top Hotel Prague"]
[Date "2016.08.26"]
[Round "8.29"]
[White "Nass, Maria"]
[Black "Slaba, Andrea"]
[Result "0-1"]
[WhiteElo "1588"]
[BlackElo "1753"]
[PlyCount "116"]
[EventDate "2016.08.18"]

1. e4 g6 2. d4 Bg7 3. c3 d6 4. Bd3 Nf6 5. Nf3 O-O 6. Bg5 Nc6 7. Qd2 e5 8. d5
Ne7 9. Bh6 Nh5 10. Bxg7 Kxg7 11. c4 Nf4 12. Bf1 f5 13. Nc3 fxe4 14. Nxe4 Bf5
15. Ng3 Bg4 16. Ne4 h6 17. h3 Nxg2+ 18. Bxg2 Bxf3 19. Bxf3 Rxf3 20. O-O-O Qf8
21. Kb1 Qf4 22. Qxf4 Rxf4 23. Rde1 Ng8 24. Rh2 Nf6 25. Nxf6 Rxf6 26. Kc2 Raf8
27. Rf1 Rf3 28. Kd2 e4 29. Ke2 e3 30. b3 exf2 31. Rhxf2 Rxf2+ 32. Rxf2 Rxf2+
33. Kxf2 Kf6 34. Kf3 Kf5 35. h4 a5 36. a3 g5 37. hxg5 hxg5 38. a4 b6 39. Kg3 g4
40. Kg2 Kf4 41. Kf2 g3+ 42. Kg2 Kg4 43. Kg1 Kf3 44. Kf1 Ke3 45. Kg2 Kd3 46.
Kxg3 Kc3 47. Kf4 Kxb3 48. Kf5 Kxc4 49. Ke6 Kc5 50. Kd7 Kxd5 51. Kxc7 Kc5 52.
Kb7 d5 53. Ka6 d4 54. Kb7 d3 55. Ka6 d2 56. Kb7 d1=Q 57. Ka7 Qd5 58. Ka6 Qa8#
0-1

[Event "European Youth Chess Championship G14"]
[Site "Prague, Top Hotel Prague"]
[Date "2016.08.26"]
[Round "8.30"]
[White "Waardenburg, Marlinde"]
[Black "Tomcikova, Dominika"]
[Result "0-1"]
[WhiteElo "1580"]
[BlackElo "1741"]
[PlyCount "96"]
[EventDate "2016.08.18"]

1. e4 c6 2. d4 d5 3. exd5 cxd5 4. Bd3 Nc6 5. Ne2 Bg4 6. c3 Bxe2 7. Qxe2 e6 8.
Bf4 Nf6 9. Nd2 Bd6 10. Bxd6 Qxd6 11. O-O O-O 12. Nf3 g6 13. Ne5 Qc7 14. f4 Ne7
15. g4 Nd7 16. f5 Nxe5 17. dxe5 Nc6 18. Rae1 exf5 19. gxf5 Rae8 20. fxg6 hxg6
21. Qf3 Rxe5 22. Qg3 Rfe8 23. Kh1 R8e7 24. Rxe5 Qxe5 25. Qf3 Qe6 26. Bxg6 Ne5
27. Bxf7+ Rxf7 28. Qg3+ Rg7 29. Qh3 Qd7 30. Qe3 Nc6 31. Qf3 Qf7 32. Qd3 Qe6 33.
Qf3 Qe4 34. Qxe4 dxe4 35. Re1 Re7 36. Kg2 Nd8 37. Kg3 Nf7 38. Kf4 Nd6 39. b3
Kf7 40. c4 b6 41. h4 Ke6 42. h5 Kf6 43. a3 Rh7 44. Kg4 Ke5 45. Kg5 Nf5 46. h6
Rxh6 47. Rf1 Rf6 48. b4 e3 0-1

[Event "European Youth Chess Championship G14"]
[Site "Prague, Top Hotel Prague"]
[Date "2016.08.26"]
[Round "8.31"]
[White "Sidamonidze, Anastasia"]
[Black "Leonova, Ameliya"]
[Result "0-1"]
[WhiteElo "1690"]
[BlackElo "1513"]
[PlyCount "86"]
[EventDate "2016.08.18"]

1. e4 c5 2. Nf3 Nc6 3. Bb5 g6 4. Bxc6 dxc6 5. h3 Bg7 6. O-O Nf6 7. d3 O-O 8. a4
Qc7 9. Qe2 e5 10. Na3 Re8 11. Nh2 Be6 12. Be3 c4 13. Nxc4 Bxc4 14. dxc4 Nxe4
15. Bc1 f5 16. Re1 Rad8 17. Ra3 Bf8 18. Rd3 Qb6 19. b3 Bb4 20. Rxd8 Qxd8 21.
Rf1 b6 22. Kh1 Bc5 23. Be3 Qe7 24. Nf3 Rd8 25. Kg1 Nc3 26. Qe1 Ne4 27. Qa1 Bxe3
28. fxe3 Nd2 29. Rd1 Nxf3+ 30. gxf3 Re8 31. Kh2 f4 32. Qc1 Qh4 33. Rg1 Qf2+ 34.
Rg2 Qxf3 35. Qd2 fxe3 36. Qe2 e4 37. c5 Rd8 38. Qc4+ Rd5 39. cxb6 Qf4+ 40. Kh1
axb6 41. Rg4 Qf3+ 42. Kh2 Kf8 43. Rg2 Qf4+ 0-1